书目信息 |
| 题名: |
无线电技术
|
|
| 作者: | 鲍祖尚 著 | |
| 分册: | ||
| 出版信息: | 长春 吉林教育出版社 2019 |
|
| 页数: | 215页 | |
| 开本: | 24cm | |
| 丛书名: | ||
| 单 册: | ||
| 中图分类: | TN014 | |
| 科图分类: | ||
| 主题词: | 无线电技术 | |
| 电子资源: | ||
| ISBN: | 978-7-5553-6947-9 | |
| 000 | 00908nam0 2200217 450 | |
| 001 | 2336829835 | |
| 005 | 20231010101401.55 | |
| 010 | @a978-7-5553-6947-9@dCNY65.00 | |
| 100 | @a20200102d2019 em y0chiy50 ea | |
| 101 | 0 | @achi |
| 102 | @aCN@b220000 | |
| 105 | @aa z 000yy | |
| 200 | 1 | @a无线电技术@Awu xian dian ji shu@f鲍祖尚著 |
| 210 | @a长春@c吉林教育出版社@d2019 | |
| 215 | @a215页@c图@d24cm | |
| 330 | @a本书主要从无线电技术的概述讲起,先介绍了无线电技术的基础、调频技术及应用、无线电频谱的管理模式、无线电的电子测量等内容,着重对认知无线电的概述、认知无线电技术和认知无线电的应用进行阐述。在认知无线电领域,从相关标准组织进展情况的介绍到频谱感知、频谱决策、认知无线电的安全问题和认知无线电的实现,在军事及商业模式下谈到认知无线电的应用。 | |
| 606 | 0 | @a无线电技术 |
| 690 | @aTN014@v5 | |
| 701 | 0 | @a鲍祖尚@Abao zu shang@f(1963-)@4著 |
| 801 | 0 | @aCN@b安徽时代@c20230923 |
| 905 | @aBZT@dTN014@e4 | |
| 无线电技术/鲍祖尚著.-长春:吉林教育出版社,2019 |
| 215页:图;24cm |
| ISBN 978-7-5553-6947-9:CNY65.00 |
| 本书主要从无线电技术的概述讲起,先介绍了无线电技术的基础、调频技术及应用、无线电频谱的管理模式、无线电的电子测量等内容,着重对认知无线电的概述、认知无线电技术和认知无线电的应用进行阐述。在认知无线电领域,从相关标准组织进展情况的介绍到频谱感知、频谱决策、认知无线电的安全问题和认知无线电的实现,在军事及商业模式下谈到认知无线电的应用。 |
| ● |
| 相关链接 |
|
|
|
正题名:无线电技术
索取号:TN014/4
 
预约/预借
| 序号 | 登录号 | 条形码 | 馆藏地/架位号 | 状态 | 备注 |
| 1 | 2000937492 | 2000937492 | 第四书库/四28架B面2层5列/ [索取号:TN014/4] | 在馆 | |
| 2 | 2000937493 | 2000937493 | 第四书库/四28架B面2层5列/ [索取号:TN014/4] | 在馆 | |
| 3 | 2000937494 | 2000937494 | 第四书库/四28架B面2层5列/ [索取号:TN014/4] | 在馆 | |
| 4 | 2000937495 | 2000937495 | 第四书库/四28架B面2层5列/ [索取号:TN014/4] | 在馆 | |
| 5 | 2000937496 | 2000937496 | 第四书库/四28架B面2层5列/ [索取号:TN014/4] | 在馆 | |
| 6 | 2000937497 | 2000937497 | 第四书库/四28架B面2层5列/ [索取号:TN014/4] | 在馆 |